00997nam a2200265 i 4500001001300000003000900013005001700022008004100039035002000080040002800100041001300128082003400141100003700175240003200212245007800244260003700322300002000359504003100379520016800410546003700578600002100615630001100636655005600647700002800703000000020480IT-MiSPE20200317153029.0041027s1974 xx u000 u ita c a(IT-RoPUS)20480 aIT-MiSPEbitacIT-MiSPE aitahfre a227.092-COL je pa (axa 23224)1 aColson, Jeaneautore4autd1913-10aPaul apôtre martyr.lita.10aPaolo apostolo martire /cJean Colson ; traduzione di Giovanni Fattorini. a[Milano] :bA. Mondadori,c1974. a370 p. ;c21 cm aBibliografia (pp. 347-356) aPaolo di Tarso: una vita eccezionale nel quadro della nascita della Chiesa e nella prima organizzazione del pensiero cristiano come messaggio religioso universale. aTraduzione di Giovanni Fattorini aPaulus Apostolus aBiblia aSacra Scrittura. Nuovo TestamentoxPaolo: biografia aGiovanni Fattorinietr.